Geschichte und Geschichten aus dem Kirchenkreis Niesky

Titel: Geschichte und Geschichten aus dem Kirchenkreis Niesky / Andreas Holzhey (Hgb.)
Teil: Teil 6. Das Jahr 1945
Beteiligt:
Veröffentlicht: [Diehsa, Alte Radischer Str. 53] : [A. Holzhey], 2005
Umfang: 59 S. : Ill.
Format: Buch
Sprache: Deutsch
Schriftenreihe/
mehrbändiges Werk:
Geschichte und Geschichten aus dem Kirchenkreis Niesky / Andreas Holzhey (Hgb.) ; Teil 6
alle Bände anzeigen
RVK-Notation:
Schlagworte:
Kein Bild verfügbar
X
Lokale Klassifikation: 14 8 N 160 ; 14 11 G ; 14 8 O 161 ; 14 7 N ; 14 5 Fa
alg: 12864801
001A    $06000:26-05-05 
001B    $01999:26-05-23 $t19:25:02.000 
001C    $06000:26-05-05 $t18:22:46.000 
001D    $06000:26-05-05 
001U    $0utf8 
001X    $00 
002@    $0Afxaf 
003@    $0128648015 
003O    $0615354615 $aOCoLC 
004A    $fkart. 
006G    $0974658928 
006U    $005,B23,0024 $f20050502 
007A    $0974658928 $aDNB 
007G    $0DE0201CE67BCBCF9F3E1CC1257B6A0041A20C 
007T    $0Herdhh126884307+6=Teil 6 
009P    $qapplication/pdf $A2 $3Inhaltsverzeichnis $uhttp://scans.hebis.de/HEBCGI/show.pl?12864801_toc.pdf $mV:DE-603;B:DE-Mb50 
010@    $ager 
011@    $a2005 $n2005 
017A    $asf 
021A    $aDas @Jahr 1945 
028C    $BHrsg. $7 $8Holzhey, Andreas [Tnd] $9145716961 
033A    $p[Diehsa, Alte Radischer Str. 53] $n[A. Holzhey] 
034D    $a59 S. 
034M    $aIll. 
036C    $aGeschichte und Geschichten aus dem Kirchenkreis Niesky $x16 $hAndreas Holzhey (Hgb.) $lTeil 6 
036D    $x16 $8Geschichte und Geschichten aus dem Kirchenkreis Niesky / Andreas Holzhey (Hgb.) $9126884307 
044K    $#Niska $#Nisky $#Kreisstadt Niesky $#Grosse Kreisstadt Niesky $74285528-7 $8Niesky [Tg1] $9086543784 
044K    $RKrieg $#War Termination $#Guerre Fin $#Kriegsende $#Krieg Ende $74114316-4 $8Kriegsende [Ts1] $9085341592 
044K    $RWeltgeschichte $RWeltkrieg $#World War, 1939-1945 $#Guerre mondiale (1939-1945) $#Zweiter Weltkrieg $#2. Weltkrieg $74079167-1 $8Weltkrieg$g1939-1945 [Tsz] $9085224618 
045F    $a200.94385 $eDDC23BSB 
045F/01 $a200.9 
045F/03 $g4385 
045G    $a900.9438509043 $eDDC23BSB 
045G/01 $a900 
045G/03 $f09043 
045G/03 $f09044 
045G/03 $g4385 
045Z    $8NZ 14420 [Tkv] $9410955620 
045Z    $8NZ 15850 [Tkv] $9410956325 

lok: 12864801 24
101B    $029-10-08 $t10:20:56.000 
101C    $029-10-08 
101U    $0utf8 
145Z/01 $a14 8 N 160 
145Z/02 $a14 11 G 
145Z/03 $a14 8 O 161 
145Z/04 $a14 7 N 
145Z/05 $a14 5 Fa 

exp: 12864801 24 1 #EPN
201B/01 $029-10-08 $t10:20:56.000 
201C/01 $029-10-08 
201U/01 $0utf8 
203@/01 $0560296401 
208@/01 $a29-10-08 $bz 
209A/01 $a07.1678 $du $f050 $h07 1678 $x00 
209C/01 $a07.1678 K $h07 1678 K 
209G/01 $a72318595 $x00 
220C/01 $ahae 
247C/01 $8358050-7 Marburg, Bibliothek des Herder-Instituts Marburg $9102600961 

lok: 12864801 78

exp: 12864801 78 1 #EPN
201B/01 $003-09-21 $t22:48:28.000 
201U/01 $0utf8 
203@/01 $0796932026 
208@/01 $a16-12-16 $be 
209A/01 $a/ $f000 $x00 
220C/01 $aTitelaufnehmer: rb 
237A/01 $aweiterführende Signatur(en): HI 07.1678 
244Z/01 $2Trx $#Silesia $#Śląsk $#Sliezsko $#Slezsko $8--Trx--Schlesien $x01 $9391173987 
244Z/01 $#Niska $#Nisky $#Kreisstadt Niesky $#Grosse Kreisstadt Niesky $74285528-7 $8--Tg1--Niesky $x02 $9086543784 
244Z/01 $aGeschichte 1945 $x03 
244Z/01 $2Trx $#ülevaated kohad $#vietovės bendras $#overview cities $#ábrázolások, átfogó helyek $#miejscowości poszczególne $#dejiny miestne $#dějiny místní $#Ortsgeschichte $#Städte $#Orte $#miasta $#miestne dejiny $8--Trx--Darstellungen, übergreifende$gOrte $x04 $9391384228 
244Z/01 $2Trx $#maailmasõda, teine 1939-1945 $#Antrasis pasaulinis karas 1939-1945 $#World War, Second 1939-1945 $#világháború. második 1939-1945 $#wojna światowa, druga 1939-1945 $#vojna svetová II. 1939-1945 $#válka druhá světová 1939-1945 $#Zweiter Weltkrieg $8--Trx--Weltkrieg, Zweiter$g1939-1945 $x05 $939138239X 
244Z/01 $2Trx $8--Trx--Monographie $x06 $9391384546 
245Z/01 $a13.02 $x01 
245Z/01 $a06.04.03 $x02 
247C/01 $82080>Marburg/Lahn, Herder-Institut, Forschungsbibliothek, Bibliographieportal $9336309341
LEADER 00000cam a22000002cc4500
001 128648015
003 DE-603
005 20230526192502.0
007 tu
008 050526s2005 xx |||| | u00||u|ger
015 |a 05,B23,0024  |2 dnb 
016 7 |2 DE-101  |a 974658928 
035 |a (DE-599)DNB974658928 
035 |a (OCoLC)615354615 
040 |a DE-603  |b ger  |c DE-603  |d DE-603 
041 |a ger 
082 0 4 |8 1\u  |a 200.94385  |q DE-101  |2 23/BSB 
083 0 |8 2\u  |a 900.9438509043  |q DE-101  |2 23/BSB 
084 |a NZ 14420  |0 (DE-625)132575:  |0 (DE-603)410955620  |2 rvk 
084 |a NZ 15850  |0 (DE-625)132645:  |0 (DE-603)410956325  |2 rvk 
085 |8 1\u  |b 200.9 
085 |8 1\u  |z 2  |s 4385 
085 |8 2\u  |b 900 
085 |8 2\u  |z 1  |s 09043 
085 |8 2\u  |z 1  |s 09044 
085 |8 2\u  |z 2  |s 4385 
090 |a b 
245 0 0 |a Geschichte und Geschichten aus dem Kirchenkreis Niesky  |n Teil 6  |p Das Jahr 1945  |c Andreas Holzhey (Hgb.) 
264 1 |a [Diehsa, Alte Radischer Str. 53]  |b [A. Holzhey]  |c 2005 
300 |a 59 S.  |b Ill. 
650 7 |a Kriegsende  |0 (DE-588)4114316-4  |0 (DE-603)085341592  |2 gnd 
650 7 |a Weltkrieg  |g 1939-1945  |0 (DE-588)4079167-1  |0 (DE-603)085224618  |2 gnd 
651 7 |a Niesky  |0 (DE-588)4285528-7  |0 (DE-603)086543784  |2 gnd 
700 1 |a Holzhey, Andreas  |e Hrsg.  |4 edt  |0 (DE-603)145716961 
773 0 8 |q 16  |w (DE-603)126884307 
856 4 2 |m V:DE-603;B:DE-Mb50  |q application/pdf  |u http://scans.hebis.de/HEBCGI/show.pl?12864801_toc.pdf  |3 Inhaltsverzeichnis 
924 0 |9 Mb 50  |a (DE-603)560296401  |b DE-Mb50  |c HES  |d c  |g 07.1678 
924 0 |9 2080  |a (DE-603)796932026  |b DE-2080  |c HES  |d d  |g /